<?xml version="1.0" encoding="UTF-8"?>
<marc:record xmlns:marc="http://www.loc.gov/MARC21/slim">
   <marc:leader>00000nam a2200000 a 4500</marc:leader>
   <marc:datafield ind1="1" ind2=" " tag="100">
      <marc:subfield code="a">Aigner, Peter</marc:subfield>
      <marc:subfield code="4">aut</marc:subfield>
      <marc:subfield code="e">Verfasser/-in</marc:subfield>
   </marc:datafield>
   <marc:datafield ind1="0" ind2="0" tag="245">
      <marc:subfield code="a">Mein Leben Nummer 9</marc:subfield>
   </marc:datafield>
   <marc:datafield ind1="0" ind2="0" tag="245">
      <marc:subfield code="c">Peter Aigner</marc:subfield>
   </marc:datafield>
   <marc:datafield ind1=" " ind2="1" tag="264">
      <marc:subfield code="a">Wien</marc:subfield>
      <marc:subfield code="b">Ed.-o</marc:subfield>
      <marc:subfield code="c">2010</marc:subfield>
   </marc:datafield>
   <marc:datafield ind1=" " ind2=" " tag="250">
      <marc:subfield code="a">1. Aufl.</marc:subfield>
   </marc:datafield>
   <marc:datafield ind1="1" ind2=" " tag="520">
      <marc:subfield code="a">Angaben aus der Verlagsmeldung

Mein Leben Nummer 9 / von Peter Aigner

Sie glauben an Wiedergeburt? Das tat ich bislang auch. Aber ich habe meinen Glauben verloren. Ich habe meinen Glauben an das System verloren. Irgendetwas ist schief gelaufen bei meiner Reinkarnation. Vollkommen falsch gelaufen ...
In autobiografi scher Form erzählt Mein Leben Nummer 9 die Geschichte einer wiedergeborenen Seele. Leider kommt sie weder als Mensch noch als Tier zurück, sondern als T-Shirt. Zu allem Überfl uss als gewöhnliches weißes T-Shirt, Größe XL. Es wird verliehen, verschenkt, vergessen ...
Doch das T-Shirt hat Gefühle. Es hat Träume, Wünsche und Sehnsüchte, und ist wie jeder von uns auf der Suche nach Glück. Diese zuckersüße Satire auf „karmarelisierter“ Ebene geht der entscheidenden Frage auf den Grund: Gibt es auch für ein stinknormales weißes T-Shirt die große Liebe? Und wenn ja, wie sieht sie aus?
</marc:subfield>
   </marc:datafield>
   <marc:datafield ind1=" " ind2=" " tag="020">
      <marc:subfield code="a">9783990220023</marc:subfield>
      <marc:subfield code="9">9783990220023</marc:subfield>
   </marc:datafield>
   <marc:datafield ind1=" " ind2=" " tag="041">
      <marc:subfield code="a">ger</marc:subfield>
   </marc:datafield>
   <marc:datafield ind1=" " ind2=" " tag="300">
      <marc:subfield code="a">279 S.</marc:subfield>
   </marc:datafield>
</marc:record>
